[Event "Biel HTO 56th"]
[Site "Biel"]
[Date "2023.07.26"]
[Round "9"]
[White "Joly, Julien"]
[Black "Seul, Georg"]
[Result "0-1"]
[WhiteElo "2249"]
[BlackElo "2376"]
[PlyCount "82"]
[EventDate "2023.07.17"]
[EventType "swiss"]
[EventRounds "10"]
[EventCountry "SUI"]
[SourceTitle "CBM 215 Extra"]
[Source "ChessBase"]
[SourceDate "2023.09.30"]
[SourceVersion "1"]
[SourceVersionDate "2023.09.30"]
[SourceQuality "1"]

1. d4 Nf6 2. c4 e6 3. g3 Bb4+ 4. Bd2 c5 5. Bxb4 cxb4 6. Bg2 0-0 7. e3 d6 8. Ne2 Nc6 9. 0-0 e5 10. h3 Re8 11. a3 Qb6 12. axb4 Nxb4 13. Na3 Bf5 14. c5 dxc5 15. dxe5 Rad8 16. Qa4 Bd3 17. Nf4 Bxf1 18. Rxf1 Nd7 19. Nc4 Qa6 20. Qxa6 bxa6 21. e6 fxe6 22. Nd6 Re7 23. Rc1 Nb6 24. Nb7 Rc8 25. Nd6 Rcc7 26. e4 c4 27. Bf1 e5 28. Ng2 Red7 29. Nf5 Nd3 30. Rb1 Na4 31. Nge3 Naxb2 32. Nd5 Rb7 33. Ra1 Nb4 34. Nxb4 Rxb4 35. Rxa6 Rc7 36. Ne3 c3 37. Nc2 Rd4 38. Ra1 Rd1 39. Rxd1 Nxd1 40. Be2 Nb2 41. f4 Rd7 0-1

[Event "Biel HTO 56th"]
[Site "Biel"]
[Date "2023.07.17"]
[Round "1"]
[White "Akshit, Kumar J"]
[Black "Seul, Georg"]
[Result "0-1"]
[WhiteElo "2105"]
[BlackElo "2376"]
[PlyCount "136"]
[EventDate "2023.07.17"]
[EventType "swiss"]
[EventRounds "10"]
[EventCountry "SUI"]
[SourceTitle "CBM 215 Extra"]
[Source "ChessBase"]
[SourceDate "2023.09.30"]
[SourceVersion "1"]
[SourceVersionDate "2023.09.30"]
[SourceQuality "1"]

1. e4 c6 2. Nc3 d5 3. Nf3 Bg4 4. h3 Bxf3 5. Qxf3 e6 6. Be2 d4 7. Nb1 Bd6 8. d3 Nd7 9. g3 Ne7 10. 0-0 0-0 11. Nd2 c5 12. Qg2 Nc6 13. Nf3 Rc8 14. Nh4 Be7 15. f4 Bxh4 16. gxh4 f5 17. h5 Kh8 18. Bd2 Nf6 19. Rae1 Qe8 20. Qf3 Rc7 21. Kh2 Re7 22. e5 Nd5 23. Rg1 Ncb4 24. Bd1 Nxa2 25. Rg5 Nab4 26. Reg1 Nc6 27. Qg3 Qf7 28. h6 g6 29. h4 Ree8 30. h5 Nce7 31. hxg6 hxg6 32. Bh5 Rg8 33. Bxg6 Nxg6 34. Rxg6 Rxg6 35. Qxg6 Qxg6 36. Rxg6 Re7 37. Rg3 Kh7 38. Rh3 Kg6 39. c4 dxc3 40. bxc3 Rh7 41. c4 Ne7 42. Be3 b6 43. Rg3+ Kf7 44. Rh3 Ng8 45. Kg2 Rxh6 46. Rf3 Ne7 47. d4 cxd4 48. Bxd4 Nc6 49. Bb2 Rh8 50. Ba3 Na5 51. Rd3 Nxc4 52. Rd7+ Kg6 53. Rxa7 Rd8 54. Bb4 Ne3+ 55. Kf3 Rd3 56. Ke2 Rb3 57. Be7 Nd5 58. Bg5 Rc3 59. Rd7 Rc2+ 60. Kd1 Rc8 61. Rd6 Re8 62. Ke2 b5 63. Kd3 b4 64. Kc4 Kh5 65. Bd8 Kg4 66. Bf6 Kxf4 67. Bg7 Ke4 68. Kb3 f4 0-1

[Event "Basel Easter op"]
[Site "Basel"]
[Date "2023.04.09"]
[Round "6"]
[White "Kunin, Vitaly L"]
[Black "Seul, Georg"]
[Result "1/2-1/2"]
[WhiteElo "2517"]
[BlackElo "2361"]
[PlyCount "68"]
[EventDate "2023.04.06"]
[EventType "swiss"]
[EventRounds "9"]
[EventCountry "SUI"]
[SourceTitle "CBM 213 Extra"]
[Source "ChessBase"]
[SourceDate "2023.05.31"]
[SourceVersion "1"]
[SourceVersionDate "2023.05.31"]
[SourceQuality "1"]

1. d4 Nf6 2. c4 e6 3. Nf3 Bb4+ 4. Nbd2 b6 5. a3 Bxd2+ 6. Qxd2 Bb7 7. e3 0-0 8. Be2 d5 9. b3 Nbd7 10. Bb2 c5 11. 0-0 Rc8 12. Rac1 Ne4 13. Qd3 Qe7 14. a4 Rfd8 15. Qb1 dxc4 16. bxc4 Ng5 17. d5 exd5 18. Qf5 Ne4 19. cxd5 Ndf6 20. Rfd1 Bxd5 21. Ne5 Be6 22. Qf4 h6 23. h4 Rxd1+ 24. Rxd1 Rd8 25. Rxd8+ Qxd8 26. Bd3 Qd5 27. Kh2 Qa2 28. Bxe4 Nxe4 29. Qxe4 Qxb2 30. f4 Qd2 31. Qa8+ Kh7 32. Qe4+ Kg8 33. Qa8+ Kh7 34. Qe4+ Kg8 1/2-1/2

[Event "Basel Easter op"]
[Site "Basel"]
[Date "2023.04.08"]
[Round "4"]
[White "Seul, Georg"]
[Black "Toktomushev, Teimur"]
[Result "1-0"]
[WhiteElo "2361"]
[BlackElo "2252"]
[PlyCount "81"]
[EventDate "2023.04.06"]
[EventType "swiss"]
[EventRounds "9"]
[EventCountry "SUI"]
[SourceTitle "CBM 213 Extra"]
[Source "ChessBase"]
[SourceDate "2023.05.31"]
[SourceVersion "1"]
[SourceVersionDate "2023.05.31"]
[SourceQuality "1"]

1. e4 c5 2. Nf3 e6 3. d3 Nc6 4. g3 d5 5. Qe2 Nf6 6. Bg2 Be7 7. e5 Nd7 8. c4 a6 9. 0-0 0-0 10. h4 Re8 11. Re1 h6 12. Nc3 d4 13. Nb1 Rb8 14. Nbd2 b5 15. b3 bxc4 16. bxc4 Qa5 17. Ne4 Bb7 18. Bf4 Ba8 19. g4 Qa3 20. Bc1 Qa5 21. g5 h5 22. Nf6+ Bxf6 23. gxf6 g6 24. Bd2 Qc7 25. Bc1 Qa5 26. Bd2 Qa3 27. Bh6 Rb2 28. Qd1 Ncxe5 29. Nxe5 Nxe5 30. Rxe5 Bxg2 31. Kxg2 Qc3 32. Rc1 Qa3 33. Rc2 Qa4 34. Rd2 Qxa2 35. Rxb2 Qxb2 36. Rxc5 e5 37. Qa4 Qb8 38. Rc7 Qa8+ 39. Qc6 Qd8 40. Rd7 Qb8 41. Rxf7 1-0

[Event "Vlissingen HZ op 24th"]
[Site "Vlissingen"]
[Date "2022.08.11"]
[Round "7"]
[White "Seul, Georg"]
[Black "Lichtmannecker, Daniel"]
[Result "1/2-1/2"]
[WhiteElo "2363"]
[BlackElo "2031"]
[PlyCount "92"]
[EventDate "2022.08.06"]
[EventType "swiss"]
[EventRounds "9"]
[EventCountry "NED"]
[SourceTitle "CBM 209 Extra"]
[Source "ChessBase"]
[SourceDate "2022.09.30"]
[SourceVersion "1"]
[SourceVersionDate "2022.09.30"]
[SourceQuality "1"]

1. e4 e5 2. Nf3 Nf6 3. Nxe5 Nxe4 4. Qe2 Qe7 5. Qxe4 d6 6. d4 dxe5 7. dxe5 Nc6 8. Nc3 Qxe5 9. Qxe5+ Nxe5 10. Bf4 f6 11. 0-0-0 Bd7 12. Nb5 Bxb5 13. Bxb5+ c6 14. Be2 Bc5 15. Bg3 0-0 16. c3 Rfd8 17. Kc2 Kf8 18. a4 a5 19. Rhe1 Rxd1 20. Bxd1 Re8 21. Re4 g6 22. b4 axb4 23. cxb4 Bd6 24. Rd4 Ke7 25. f4 Nf7 26. Bf2 Rd8 27. g3 Bc7 28. Re4+ Kd7 29. Bf3 Nd6 30. Rd4 Kc8 31. Rd2 Nf5 32. Rxd8+ Kxd8 33. Kd3 h5 34. Be4 Kd7 35. Bc5 Ke6 36. a5 g5 37. fxg5 fxg5 38. a6 bxa6 39. Bxc6 Nd6 40. Ke3 h4 41. Kf3 hxg3 42. hxg3 Kf5 43. g4+ Ke5 44. Be3 Bd8 45. Bc5 Bc7 46. Be3 Bd8 1/2-1/2

[Event "Biel HTO 55th"]
[Site "Biel"]
[Date "2022.07.22"]
[Round "9"]
[White "Azarov, Sergei Nikolaevich"]
[Black "Seul, Georg"]
[Result "1-0"]
[WhiteElo "2566"]
[BlackElo "2367"]
[PlyCount "79"]
[EventDate "2022.07.13"]
[EventType "swiss"]
[EventRounds "9"]
[EventCountry "SUI"]
[SourceTitle "CBM 209 Extra"]
[Source "ChessBase"]
[SourceDate "2022.09.30"]
[SourceVersion "1"]
[SourceVersionDate "2022.09.30"]
[SourceQuality "1"]

1. e4 c6 2. d4 d5 3. e5 c5 4. dxc5 e6 5. Be3 Nd7 6. Bb5 Ne7 7. Bd4 Qa5+ 8. Nc3 a6 9. Bxd7+ Bxd7 10. a3 Nf5 11. b4 Qc7 12. Nf3 Be7 13. 0-0 0-0 14. Ne2 Nxd4 15. Qxd4 Rfc8 16. Ng3 b6 17. cxb6 Qb7 18. Nd2 Rxc2 19. Nb3 Rac8 20. Na5 Qb8 21. b7 R8c3 22. Ne4 Rc4 23. Nxc4 Rxc4 24. Qd3 Bb5 25. Nc3 Bc6 26. Rac1 Qxe5 27. Ne2 Rxc1 28. Rxc1 Bxb7 29. Qe3 Qxe3 30. fxe3 Bd6 31. Nd4 Kf8 32. Nb3 d4 33. exd4 Ke7 34. Nc5 Bc8 35. Ne4 Bd7 36. Nxd6 Kxd6 37. Rc5 h6 38. Kf2 g5 39. g3 f6 40. Ke3 1-0

[Event "BL2-West 2122"]
[Site "Germany"]
[Date "2022.05.14"]
[Round "5.1"]
[White "Lutz, Christopher"]
[Black "Seul, Georg"]
[Result "1/2-1/2"]
[WhiteElo "2538"]
[BlackElo "2379"]
[PlyCount "47"]
[EventDate "2022.03.05"]
[EventType "team-tourn"]
[EventRounds "10"]
[EventCountry "GER"]
[SourceTitle "EXT 2023"]
[Source "ChessBase"]
[SourceDate "2022.10.05"]
[SourceVersion "1"]
[SourceVersionDate "2022.10.05"]
[SourceQuality "1"]
[WhiteTeam "Koeln Porz"]
[BlackTeam "Koblenz"]
[WhiteTeamCountry "GER"]
[BlackTeamCountry "GER"]

1. e4 c6 2. d4 d5 3. Nc3 dxe4 4. Nxe4 Nf6 5. Nxf6+ exf6 6. c3 Bd6 7. Bd3 0-0 8. Qc2 Re8+ 9. Ne2 h5 10. Be3 Nd7 11. 0-0-0 Nf8 12. Kb1 Be6 13. h3 Bd5 14. Rhg1 Bh2 15. c4 Bxg1 16. cxd5 Rxe3 17. fxe3 Bxe3 18. dxc6 bxc6 19. Qxc6 Rb8 20. Bc4 g6 21. g4 h4 22. Bb3 Kg7 23. Nc3 Nh7 24. Nd5 1/2-1/2

[Event "Titled Tuesday intern op 22 Mar Late"]
[Site "Chess.com INT"]
[Date "2022.03.22"]
[Round "3"]
[White "Seul, Georg"]
[Black "Zanette, Edgard Vinicius"]
[Result "1-0"]
[WhiteElo "2377"]
[BlackElo "2115"]
[PlyCount "83"]
[EventDate "2022.03.22"]
[EventType "swiss (blitz)"]
[EventRounds "11"]
[EventCountry "USA"]
[SourceTitle "CBM 207 Extra"]
[Source "ChessBase"]
[SourceDate "2022.05.31"]
[SourceVersion "1"]
[SourceVersionDate "2022.05.31"]
[SourceQuality "1"]

1. e4 e5 2. Nc3 Nf6 3. f4 d5 4. fxe5 Nxe4 5. Qf3 f5 6. d3 Nxc3 7. bxc3 d4 8. Qg3 Nc6 9. Be2 Be6 10. c4 Bb4+ 11. Kd1 Qd7 12. Rb1 0-0-0 13. Bf3 Bc3 14. Ne2 Ba5 15. Rb5 b6 16. Nf4 Bg8 17. Nd5 a6 18. Rb1 Be6 19. Bf4 h6 20. h4 Rhg8 21. h5 Ne7 22. Nxe7+ Qxe7 23. Qg6 Rge8 24. Bc6 Rf8 25. Bd2 Bxd2 26. Kxd2 Qg5+ 27. Qxg5 hxg5 28. h6 g6 29. h7 Rh8 30. Rh6 Bf7 31. Re1 Be8 32. Bd5 c6 33. Be6+ Kc7 34. c5 b5 35. Bb3 a5 36. a3 Rd7 37. Reh1 Re7 38. e6 Rg7 39. c3 dxc3+ 40. Kxc3 Kd8 41. Kd4 Ke7 42. Ke5 1-0

[Event "Titled Tuesday intern op 15 Mar Late"]
[Site "Chess.com INT"]
[Date "2022.03.15"]
[Round "4"]
[White "Seul, Georg"]
[Black "Chyngyz, Sultai"]
[Result "1-0"]
[WhiteElo "2377"]
[BlackElo "1280"]
[PlyCount "47"]
[EventDate "2022.03.15"]
[EventType "swiss (blitz)"]
[EventRounds "11"]
[EventCountry "USA"]
[SourceTitle "CBM 207 Extra"]
[Source "ChessBase"]
[SourceDate "2022.05.31"]
[SourceVersion "1"]
[SourceVersionDate "2022.05.31"]
[SourceQuality "1"]

1. e4 c5 2. d3 d6 3. f4 Nc6 4. Nf3 g6 5. Be2 Bg7 6. 0-0 Nf6 7. Qe1 0-0 8. Qh4 Bd7 9. Kh1 Nd4 10. Bd1 Nxf3 11. Bxf3 Bc6 12. Nc3 b5 13. e5 Bxf3 14. Rxf3 dxe5 15. fxe5 Nd5 16. Ne4 c4 17. Bh6 cxd3 18. Rxd3 e6 19. Bg5 Qc7 20. Nf6+ Nxf6 21. exf6 Bh8 22. Qh6 Rfd8 23. Rh3 Bxf6 24. Bxf6 1-0

[Event "Titled Tuesday intern op 15 Mar Late"]
[Site "Chess.com INT"]
[Date "2022.03.15"]
[Round "5"]
[White "Zhurbinsky, David J"]
[Black "Seul, Georg"]
[Result "0-1"]
[WhiteElo "1996"]
[BlackElo "2377"]
[PlyCount "72"]
[EventDate "2022.03.15"]
[EventType "swiss (blitz)"]
[EventRounds "11"]
[EventCountry "USA"]
[SourceTitle "CBM 207 Extra"]
[Source "ChessBase"]
[SourceDate "2022.05.31"]
[SourceVersion "1"]
[SourceVersionDate "2022.05.31"]
[SourceQuality "1"]

1. e4 c6 2. d4 d5 3. Nc3 dxe4 4. Nxe4 Nf6 5. Nxf6+ exf6 6. Nf3 Bd6 7. Bd3 0-0 8. 0-0 Bg4 9. h3 Bh5 10. Re1 Nd7 11. c4 Qc7 12. Be3 Rad8 13. Rc1 Bb4 14. Rf1 Bd6 15. Re1 Rfe8 16. a3 Nf8 17. Be2 Bf4 18. Qd2 Ne6 19. Rcd1 Bxf3 20. Bxf3 Rxd4 21. Bxf4 Rxf4 22. b3 g6 23. Qd7 Qb8 24. Rd6 Rd8 25. Qxd8+ Nxd8 26. Re8+ Kg7 27. Rexd8 Qc7 28. R8d7 Qb6 29. b4 Rxc4 30. Bd5 Rc1+ 31. Kh2 Qxf2 32. Rxf7+ Kh6 33. Bf3 Qg1+ 34. Kg3 Qe1+ 35. Kf4 Qe5+ 36. Kg4 Qg5# 0-1

[Event "Titled Tuesday intern op 25th Jan"]
[Site "Chess.com INT"]
[Date "2022.01.25"]
[Round "11"]
[White "Seul, Georg"]
[Black "Avazkhonov, Alikhon"]
[Result "0-1"]
[WhiteElo "2377"]
[BlackElo "1538"]
[PlyCount "36"]
[EventDate "2022.01.25"]
[EventType "swiss (blitz)"]
[EventRounds "11"]
[EventCountry "USA"]
[SourceTitle "CBM 206 Extra"]
[Source "ChessBase"]
[SourceDate "2022.03.31"]
[SourceVersion "1"]
[SourceVersionDate "2022.03.31"]
[SourceQuality "1"]

1. e4 c6 2. d4 d5 3. exd5 cxd5 4. Bd3 Nc6 5. c3 Qc7 6. Ne2 Bg4 7. 0-0 Nf6 8. Qe1 e6 9. Bf4 Bd6 10. Bxd6 Qxd6 11. Ng3 0-0 12. f3 Bh5 13. Nxh5 Nxh5 14. Nd2 Rfe8 15. Qh4 Nf6 16. f4 Ne7 17. g4 Ng6 18. g5 Nxh4 0-1

[Event "Titled Tuesday intern op 25th Jan"]
[Site "Chess.com INT"]
[Date "2022.01.25"]
[Round "10"]
[White "Seul, Georg"]
[Black "Goncalves, Davi Sulzbacher"]
[Result "1-0"]
[WhiteElo "2377"]
[BlackElo "2282"]
[PlyCount "65"]
[EventDate "2022.01.25"]
[EventType "swiss (blitz)"]
[EventRounds "11"]
[EventCountry "USA"]
[SourceTitle "CBM 206 Extra"]
[Source "ChessBase"]
[SourceDate "2022.03.31"]
[SourceVersion "1"]
[SourceVersionDate "2022.03.31"]
[SourceQuality "1"]

1. e4 c5 2. d3 Nc6 3. f4 d5 4. Be2 e5 5. Nf3 dxe4 6. dxe4 Qxd1+ 7. Bxd1 Bd6 8. f5 Nf6 9. Nbd2 Ke7 10. c3 b6 11. Bc2 Ba6 12. Nf1 h6 13. Ne3 Na5 14. b3 c4 15. b4 Nc6 16. a4 Bb7 17. Nxc4 Rac8 18. Nxd6 Kxd6 19. Ba3 Kc7 20. 0-0-0 Rhe8 21. Rhe1 a6 22. b5 Na5 23. Bd6+ Kd8 24. Nxe5 Rxe5 25. Bxe5+ Ke7 26. Bd6+ Ke8 27. Bb4 Nc4 28. bxa6 Bxa6 29. e5 Nd7 30. e6 Nc5 31. Bxc5 Rxc5 32. Bb3 Na5 33. exf7+ 1-0

[Event "Titled Tuesday intern op 25th Jan"]
[Site "Chess.com INT"]
[Date "2022.01.25"]
[Round "9"]
[White "Triapishko, Alexandr"]
[Black "Seul, Georg"]
[Result "1-0"]
[WhiteElo "2506"]
[BlackElo "2377"]
[PlyCount "123"]
[EventDate "2022.01.25"]
[EventType "swiss (blitz)"]
[EventRounds "11"]
[EventCountry "USA"]
[SourceTitle "CBM 206 Extra"]
[Source "ChessBase"]
[SourceDate "2022.03.31"]
[SourceVersion "1"]
[SourceVersionDate "2022.03.31"]
[SourceQuality "1"]

1. d4 Nf6 2. c4 e6 3. Nf3 Bb4+ 4. Bd2 a5 5. g3 d6 6. Bg2 Nbd7 7. 0-0 e5 8. Nc3 0-0 9. Qc2 Re8 10. e3 e4 11. Ng5 Bxc3 12. Bxc3 Qe7 13. f3 exf3 14. Rxf3 h6 15. Nh3 Ne4 16. Nf4 Ndf6 17. Re1 c6 18. Rff1 d5 19. b3 Be6 20. Bb2 Qd7 21. Nxe6 Qxe6 22. Rf4 a4 23. cxd5 cxd5 24. bxa4 Qa6 25. Bf1 Qxa4 26. Qxa4 Rxa4 27. Bb5 Rxa2 28. Bxe8 Nxe8 29. Ba1 N8f6 30. Rb1 Ng5 31. Kh1 h5 32. Bb2 Nge4 33. Bc1 Re2 34. Kg1 Ng4 35. Rxb7 f6 36. Rb8+ Kh7 37. h3 Nxe3 38. Bxe3 Rxe3 39. g4 Rxh3 40. gxh5 Rxh5 41. Rd8 Rg5+ 42. Kf1 Kg6 43. Rh4 Ng3+ 44. Kf2 Nf5 45. Rf4 Nh6 46. Rd7 Ng4+ 47. Kf3 Nh2+ 48. Ke2 Ng4 49. Kd3 Kh5 50. Rf1 Kh4 51. Rh1+ Kg3 52. Rh8 f5 53. Rxd5 Nf2+ 54. Kc4 Ne4 55. Rf8 g6 56. Re5 Kf4 57. Kd5 Rg1 58. Rxe4+ Kg5 59. Re6 Rd1 60. Rg8 f4 61. Rexg6+ Kf5 62. Rg5+ 1-0

[Event "Titled Tuesday intern op 25th Jan"]
[Site "Chess.com INT"]
[Date "2022.01.25"]
[Round "4"]
[White "Tymrakiewicz, Rafal"]
[Black "Seul, Georg"]
[Result "0-1"]
[WhiteElo "2192"]
[BlackElo "2377"]
[PlyCount "76"]
[EventDate "2022.01.25"]
[EventType "swiss (blitz)"]
[EventRounds "11"]
[EventCountry "USA"]
[SourceTitle "CBM 206 Extra"]
[Source "ChessBase"]
[SourceDate "2022.03.31"]
[SourceVersion "1"]
[SourceVersionDate "2022.03.31"]
[SourceQuality "1"]

1. e4 c6 2. d4 d5 3. exd5 cxd5 4. c4 Nf6 5. Nc3 Nc6 6. Bg5 Be6 7. c5 g6 8. Bxf6 exf6 9. Nf3 Bg7 10. Be2 0-0 11. 0-0 f5 12. a3 a5 13. Nb5 f4 14. Re1 Bg4 15. h3 Bf5 16. Nd6 Be4 17. Nb5 b6 18. Qd2 bxc5 19. dxc5 Qf6 20. Rad1 Qxb2 21. Nc7 Rad8 22. Bb5 Bxf3 23. Qxb2 Bxb2 24. gxf3 Nd4 25. Rxd4 Bxd4 26. c6 Bb6 27. Na6 Rfe8 28. Kf1 Rxe1+ 29. Kxe1 Rc8 30. Kd2 Kf8 31. Kc2 Ke7 32. Kb3 Kd6 33. Ka4 g5 34. Kb3 h5 35. Kc2 Rxc6+ 36. Bxc6 Kxc6 37. Nb8+ Kc7 38. Na6+ Kb7 0-1